<?xml version="1.0" encoding="UTF-8"?>
<collection xmlns="http://www.loc.gov/MARC21/slim">
    <record>
        <controlfield tag="001">77995</controlfield>
        <controlfield tag="005">20190226114815.0</controlfield>
        <datafield tag="037" ind1=" " ind2=" ">
            <subfield code="a">TAZ-TFG-2018-1436</subfield>
        </datafield>
        <datafield tag="041" ind1=" " ind2=" ">
            <subfield code="a">spa</subfield>
        </datafield>
        <datafield tag="100" ind1="1" ind2=" ">
            <subfield code="a">Remón Navarro, Carlos</subfield>
        </datafield>
        <datafield tag="242" ind1="0" ind2="0">
            <subfield code="a">Didactic suitability of board games as a resource for teaching and learning Mathematics</subfield>
        </datafield>
        <datafield tag="245" ind1="0" ind2="0">
            <subfield code="a">Idoneidad didáctica de los juegos de mesa como recurso para la enseñanza y aprendizaje de las Matemáticas</subfield>
        </datafield>
        <datafield tag="260" ind1=" " ind2=" ">
            <subfield code="a">Zaragoza</subfield>
            <subfield code="b">Universidad de Zaragoza</subfield>
            <subfield code="c">2018</subfield>
        </datafield>
        <datafield tag="506" ind1=" " ind2=" ">
            <subfield code="a">by-nc-sa</subfield>
            <subfield code="b">Creative Commons</subfield>
            <subfield code="c">3.0</subfield>
            <subfield code="u">http://creativecommons.org/licenses/by-nc-sa/3.0/</subfield>
        </datafield>
        <datafield tag="520" ind1=" " ind2=" ">
            <subfield code="a">En este trabajo utilizamos la idoneidad didáctica como herramienta para seleccionar juegos de mesa que favorezcan el diseño de estrategias de enseñanza y actividades de aprendizaje en las matemáticas utilizando estos recursos. Los Juegos Educativos en Matemáticas (JEM) representan una herramienta que permite aprovechar las ventajas educativas que tiene el juego de mesa para llevar a cabo una enseñanza y aprendizaje de las matemáticas lúdica y motivadora para nuestros alumnos. La propuesta de intervención desarrollada en este trabajo, consta del análisis de una serie de juegos de mesa a partir de las seis idoneidades: epistémica, cognitiva, afectiva, interaccional, mediacional y ecológica, que maneja la Teoría de la idoneidad didáctica. Por otra parte, se realizó una intervención de aula con estos juegos, así como un análisis, por parte de los alumnos, de la idoneidad de estos juegos. Finalmente se exponen las conclusiones y reflexiones obtenidas para conocer la pertinencia de completar contenidos propios del área de matemáticas a través de los juegos educativos de mesa en el aula.</subfield>
        </datafield>
        <datafield tag="521" ind1=" " ind2=" ">
            <subfield code="a">Graduado en Magisterio en Educación Primaria</subfield>
        </datafield>
        <datafield tag="540" ind1=" " ind2=" ">
            <subfield code="a">Derechos regulados por licencia Creative Commons</subfield>
        </datafield>
        <datafield tag="700" ind1=" " ind2=" ">
            <subfield code="a">Manero García, Víctor</subfield>
            <subfield code="e">dir.</subfield>
        </datafield>
        <datafield tag="710" ind1="2" ind2=" ">
            <subfield code="a">Universidad de Zaragoza</subfield>
            <subfield code="b">Matemáticas</subfield>
            <subfield code="c">Didáctica de la Matemática</subfield>
        </datafield>
        <datafield tag="856" ind1="0" ind2=" ">
            <subfield code="f">613136@celes.unizar.es</subfield>
        </datafield>
        <datafield tag="856" ind1="4" ind2=" ">
            <subfield code="s">1741923</subfield>
            <subfield code="u">http://zaguan.unizar.es/record/77995/files/TAZ-TFG-2018-1436.pdf</subfield>
            <subfield code="y">Memoria (spa)</subfield>
        </datafield>
        <datafield tag="909" ind1="C" ind2="O">
            <subfield code="o">oai:zaguan.unizar.es:77995</subfield>
            <subfield code="p">driver</subfield>
            <subfield code="p">trabajos-fin-grado</subfield>
        </datafield>
        <datafield tag="950" ind1=" " ind2=" ">
            <subfield code="a"></subfield>
        </datafield>
        <datafield tag="951" ind1=" " ind2=" ">
            <subfield code="a">deposita:2019-02-26</subfield>
        </datafield>
        <datafield tag="980" ind1=" " ind2=" ">
            <subfield code="a">TAZ</subfield>
            <subfield code="b">TFG</subfield>
            <subfield code="c">FCHE</subfield>
        </datafield>
        <datafield tag="999" ind1=" " ind2=" ">
            <subfield code="a">20180615171537.CREATION_DATE</subfield>
        </datafield>
    </record>

    
</collection>